Nano festival de fotografía : Catálogo /
Saved in:
| Format: | Book |
|---|---|
| Published: |
Ciudad Autónoma de Buenos Aires :
Mecenazgo Cultural Buenos Aires Ciudad,
2015.
|
| Edition: | 5a ed. |
| LEADER | 00393nam a22001217a 4500 | ||
|---|---|---|---|
| 003 | AR-BeUNQ | ||
| 005 | 20251022150329.0 | ||
| 999 | |c 39563 |d 123363 | ||
| 245 | |a Nano festival de fotografía : |b Catálogo / | ||
| 250 | |a 5a ed. | ||
| 260 | |a Ciudad Autónoma de Buenos Aires : |b Mecenazgo Cultural Buenos Aires Ciudad, |c 2015. | ||
| 929 | |a DONACION |b Fotolibro Rodante |e 20250827 |f PAT0084464 |g 3807 |l Caja 29 |o PR | ||
| 942 | |c LIB | ||